|
|
|
|
| LEADER |
00000nam a22000005a 4500 |
| 001 |
vtls010333773 |
| 003 |
SK-MaSNL |
| 005 |
20260301173439.0 |
| 008 |
240318s2011 xo a b 000 j cze |
| 015 |
|
|
|a SNBA2012/03-01402
|
| 020 |
|
|
|a 9788081120947
|q (viaz.)
|
| 035 |
|
|
|a FEA98775-0342-4761-B6D7-23AF435E6F11
|
| 035 |
|
|
|a urn:nbn:sk:snk-amkwri
|
| 035 |
|
|
|a urn:nbn:sk:snk-am0082te
|
| 040 |
|
|
|a SNK
|b slo
|c SNK
|e AACR2
|
| 041 |
1 |
|
|a cze
|h [spa]
|
| 044 |
|
|
|a xo
|c SK
|
| 072 |
|
7 |
|a 821-93
|x Literatúra pre deti a mládež (beletria)
|2 konspekt
|
| 080 |
|
|
|a 821-93
|2 2001
|
| 080 |
|
|
|a (0:82-34)
|2 2001
|
| 100 |
1 |
|
|a Rodríguez, Teresa
|4 aut
|9 413700
|
| 245 |
1 |
0 |
|a Moje nejmilejší pohádky
|c [text: Teresa Rodríguez ; překlad: Tomáš Novotný ; ilustráce: Carlos Busquets]
|
| 250 |
|
|
|a 1. čes. vyd.
|
| 260 |
|
|
|a Bratislava
|b Slovart Print
|c 2011
|
| 300 |
|
|
|a [128] s.
|b fareb. ilustr.
|c 31 cm
|
| 500 |
|
|
|a Názov z obalu
|
| 655 |
|
7 |
|a rozprávky
|2 SNKPH
|9 70597
|
| 655 |
|
7 |
|a publikácie pre deti
|2 SNKPH
|9 70148
|
| 655 |
|
7 |
|a Fairy tales
|2 SNKPHeng
|9 265887
|
| 655 |
|
7 |
|a Children's literature
|2 SNKPHeng
|9 276039
|
| 919 |
|
|
|a 978-80-8112-094-7
|
| 958 |
|
|
|a UP
|
| 958 |
|
|
|a LX
|
| 958 |
|
|
|a DB
|
| 958 |
|
|
|a CZ
|
| 958 |
|
|
|a NM
|
| 968 |
|
|
|a Čes
|b ESP
|d 821
|
| 999 |
|
|
|c 836680
|d 838610
|
| 952 |
|
|
|a SNK
|b SNK
|y PREZ
|7 0
|p 17A0795824
|o snkSB 82314
|i snk2012/620
|8 0
|0 0
|1 0
|4 0
|d 2012-01-10
|f 1
|l 0
|r 2025-05-06 00:00:00
|w 2026-02-24
|
| 952 |
|
|
|a SNK
|b SNK
|y VYP
|7 0
|p 17A0795825
|o snkSB 82314 D1
|i snk2012/621
|8 0
|0 0
|1 0
|4 0
|d 2012-01-10
|l 0
|r 2016-06-30 00:00:00
|w 2026-02-24
|